Management information from data bases
| Main Authors: | , |
|---|---|
| Format: | Book |
| Published: |
London :
Macmillan ,
1980
|
| Subjects: |
MARC
| LEADER | 00000cam a2200000 7i4500 | ||
|---|---|---|---|
| 001 | 0000003828 | ||
| 005 | 20210105093000.0 | ||
| 008 | 021118s1980 | ||
| 020 | |a 0333260856 , |c paper | ||
| 090 | 0 | 0 | |a T58.6 |b .C7 |
| 100 | 0 | |a Crowe, T. , |e author | |
| 245 | 0 | 0 | |a Management information from data bases |c T. Crowe, D. E. Avison |
| 260 | 2 | |a London : |b Macmillan , |c 1980 | |
| 300 | |a 200 p ; |c 23 cm. | ||
| 504 | |a Includes index | ||
| 650 | 0 | |a Management information systems | |
| 700 | 0 | |a Avison, D. E. , |e author | |
| 999 | |a 1000037637 |b Book |c Close Access |e Tembila Campus | ||